00825nam a2200241 a 450000100060000000300080000600500170001400800390003103500190007004000320008904100110012108200200013210000230015224501660017525000270034126000580036830000250042650000160045150400410046765000230050870000250053170000270055630796BD-RjUL20211209051622.0140412r19761909ii b 000 0 eng a(BD-RjUL)30883 aDLCcDLCdDLCdBD-RjULbeng1 aengsan00a181.4bMAS 19760 aMādhava,d-1386.14aThe Sarva-darśana-saṃgraha :bor, review of the different systems of Hindu philosophy /cby Madhava Āchārya ; translated by E. B. Cowell and A. E. Gough. a1st Indian Reprint ed. aDelhi :bCosmo Publications, c1909 [Reprinted 1976]. aix, 281 p. ;c23 cm. aReprint ed. aIncludes bibliographical references. 0aPhilosophy, Indic. aCowell, E. B. , tr. aGough, A. E. , jt. tr.